Africa south of the Sahara 1993

Detalles Bibliográficos
Autor Corporativo: Europa Publications Limited
Formato: Libro
Publicado: London : Europa Publications, 1992.
Edición:22nd ed.
Materias:
Etiquetas: Agregar Etiqueta
Sin Etiquetas, Sea el primero en etiquetar este registro!

MARC

LEADER 00000nam a22000004a 4500
001 AR-BbUGT1158
003 AR-BbUGT
005 20181220001523.0
007 ta
008 061101t1992 ||| |0|||0| d
020 |a 0-946653-81-X 
040 |a AR-BbUGT  |b spa  |c AR-BbUGT 
082 0 4 |a 916 
245 0 0 |a Africa south of the Sahara 1993 
250 |a 22nd ed. 
260 |a London :   |b Europa Publications,   |c 1992. 
300 |a 986 p. 
653 |a África 
653 |a Sahara 
710 |a Europa Publications Limited. 
942 |c BK  |h 916  |i AF83  |2 ddc  |6 916_000000000000000_AF83 
999 |c 9002  |d 9002